000 00935nam a2200289 i 4500
001 16210
003 ES-MaACL
005 20250912063035.0
007 t|
008 000711s1998 mx |||| | spa d
020 _a968-16-1572-7
080 _a299.8(=972.5 Tarahumaras)
080 _a39(=972.5 Tarahumaras)
080 _a821.133.1-94"19"
100 1 _aArtaud, Antonin.
_923422
245 1 0 _aMéxico y viaje al país de los tarahumaras /
_cAntonin Artaud ; prólogo de Luis Mario Schneider.
250 _a1ª ed.
_b4ª reimp.
260 _aMéxico :
_bFondo de Cultura Económica,
_c1998.
300 _a379 p. ;
_c17 cm.
490 1 _aColección popular (Fondo de Cultura Económica) ;
_v242
_9241328
650 1 4 _aTarahumaras (Indios)
_9159849
650 4 _aIndios de México.
_9157375
700 1 _aSchneider, Luis Mario.
_9104567
852 _aES-MaACL
_jL-23363
942 _2udc
999 _c16210
_d16210